| 000 | 01346nam a2200241Ia 4500 | ||
|---|---|---|---|
| 003 | Ost | ||
| 005 | 20260507074903.0 | ||
| 008 | 260507s9999||||xx |||||||||||||| ||und|| | ||
| 020 | _a9957063898 | ||
| 040 | _cfsecg | ||
| 041 | _aara | ||
| 082 | _a1.42 | ||
| 100 |
_aالبطش، محمد وليد _eمؤلف |
||
| 245 | 0 |
_aمناهج البحث العلمي : _bتصميم البحث والتحليل الإحصائي / _c محمد وليد البطش |
|
| 260 |
_aعمان: _bدار المسيرة للنشر والتوزيع, _c2007 |
||
| 300 |
_a464 صفحة؛ _bإيضاحات ؛ _c25 سم |
||
| 520 | _aيضم إختيار مشكلة البحث، خطة البحث، عينات البحث واختيارها، أدوات القياس، التحليل الإحصائي للبيانات، أنماط التصاميم البحثية، التصاميم التجريبية، التصميم العشوائي التام، اختبارات المقارانات الثنائية والمتعددة، التصميم العشوائي العاملي، تصاميم المجموعات العشوائية، تحليل التباين المشترك | ||
| 653 | _aالابحاث | ||
| 653 | _aالبحث التطبيقي | ||
| 653 | _aطرق البحث | ||
| 700 |
_aأبو زينة، فريد كامل _eمؤلف ثانوي |
||
| 942 | _cكتاب | ||
| 999 |
_c41668 _d41668 |
||